[Event "British Championship"]
[Site "?"]
[Date "2009.08.04"]
[Round "8.21"]
[White "Constantinou, Peter"]
[Black "Reynolds, D Ian W"]
[Result "1-0"]
[WhiteElo "2264"]
[BlackElo "2092"]
[PlyCount "57"]
[EventDate "2009.08.04"]

1. d4 Nf6 2. Nf3 e6 3. Bg5 d5 4. e3 Be7 5. Nbd2 O-O 6. Bd3 Nbd7 7. c3 c5 8. Ne5
Nxe5 9. dxe5 Nd7 10. Bf4 f5 11. h4 g6 12. Nf3 Re8 13. g4 Nf8 14. Rg1 Qb6 15.
Rb1 Bd7 16. h5 Rec8 17. Bh6 Kf7 18. Bg5 Qd8 19. gxf5 exf5 20. Bc2 Be6 21. Bb3
c4 22. Bc2 Rc7 23. Qd4 Qd7 24. Bxe7 Qxe7 25. Rd1 Rd8 26. Ng5+ Ke8 27. hxg6 hxg6
28. Qxa7 b5 29. Qb6 1-0

[Event "British Championship"]
[Site "?"]
[Date "2009.08.04"]
[Round "8.22"]
[White "Sugden, John N"]
[Black "Galliano, Alex"]
[Result "1-0"]
[WhiteElo "2217"]
[BlackElo "2050"]
[PlyCount "87"]
[EventDate "2009.08.04"]

1. e4 e5 2. Nf3 Nc6 3. Bb5 a6 4. Ba4 Nf6 5. O-O Be7 6. Re1 b5 7. Bb3 O-O 8. d4
d6 9. c3 Bg4 10. Be3 exd4 11. cxd4 Na5 12. Bc2 c5 13. dxc5 dxc5 14. Nbd2 Qc7
15. h3 Bh5 16. g4 Bg6 17. Nh4 Rfd8 18. Qe2 Nc6 19. f4 Bxe4 20. Nxe4 Nxe4 21.
Nf5 Nf6 22. Rad1 Bf8 23. Qf3 Nb4 24. Bb1 Rxd1 25. Rxd1 Rd8 26. Rxd8 Qxd8 27. a3
Nc6 28. g5 Nd5 29. Bc1 g6 30. Ne3 Nxe3 31. Bxe3 Nd4 32. Qe4 Bg7 33. Kg2 Nf5 34.
b3 Qd1 35. Bxc5 Qd2+ 36. Kf3 Qc3+ 37. Be3 Qxb3 38. Qa8+ Bf8 39. Bxf5 gxf5 40.
Qxa6 Qd3 41. Kf2 Bxa3 42. Qb6 Bb2 43. Bc5 Kg7 44. Qh6+ 1-0

[Event "British Championship"]
[Site "?"]
[Date "2009.08.04"]
[Round "8.23"]
[White "Salimbeni, George"]
[Black "Birtwistle, Nigel"]
[Result "0-1"]
[WhiteElo "2115"]
[BlackElo "2186"]
[PlyCount "120"]
[EventDate "2009.08.04"]

1. e4 c5 2. c3 g6 3. d4 cxd4 4. cxd4 d5 5. exd5 Nf6 6. Bb5+ Nbd7 7. Nc3 Bg7 8.
d6 O-O 9. dxe7 Qxe7+ 10. Be2 a6 11. Be3 Re8 12. Qd2 b5 13. Bf3 Rb8 14. Nge2 Nb6
15. Bf4 Nc4 16. Qd1 Nxb2 17. Qc2 Nc4 18. Bxb8 Bf5 19. Qc1 Rxb8 20. O-O Rd8 21.
Re1 Qf8 22. Qg5 Rd6 23. Nf4 Nd2 24. Qg3 b4 25. Ncd5 Nfe4 26. Bxe4 Nxe4 27. Qe3
g5 28. g4 gxf4 29. Qxf4 Bg6 30. Ne3 Rxd4 31. Rad1 Nd2 32. Qg3 Be5 33. Rxd2 Bxg3
34. Rxd4 Be5 35. Rd5 Bc3 36. Red1 Kg7 37. h4 h6 38. h5 Be4 39. Nf5+ Bxf5 40.
Rxf5 Qe7 41. Rdd5 Qe2 42. g5 Qxh5 43. gxh6+ Qxh6 44. Rf3 Qc1+ 45. Kg2 Qc2 46.
Ra5 Bb2 47. Rxa6 Ba3 48. Rg3+ Kf8 49. Ra8+ Ke7 50. Ra7+ Ke6 51. Re3+ Kd6 52.
Rf3 Qxa2 53. Raxf7 b3 54. Rb7 b2 55. Rfb3 Qb1 56. R7b5 Kc6 57. Rb6+ Kc5 58.
R3b5+ Kc4 59. Rb3 Qg6+ 60. Kf3 Qxb6 0-1

[Event "British Championship"]
[Site "?"]
[Date "2009.08.04"]
[Round "8.24"]
[White "Jones, William EG"]
[Black "Fitzsimons, David"]
[Result "0-1"]
[WhiteElo "2052"]
[BlackElo "2167"]
[PlyCount "74"]
[EventDate "2009.08.04"]

1. e4 c5 2. Nf3 d6 3. d4 cxd4 4. Nxd4 Nf6 5. Nc3 g6 6. Be3 Bg7 7. f3 a6 8. Qd2
Nbd7 9. g4 b5 10. O-O-O Bb7 11. Kb1 Nb6 12. a3 Rc8 13. h4 h5 14. gxh5 Nxh5 15.
Rg1 Nc4 16. Bxc4 Rxc4 17. Nd5 Nf6 18. Nf5 gxf5 19. Rxg7 fxe4 20. Nxf6+ exf6 21.
Rdg1 Qe7 22. Rg8+ Rxg8 23. Rxg8+ Kd7 24. f4 Qe6 25. Qg2 d5 26. c3 Qf5 27. Qg7
Qg6 28. Qh8 Qf5 29. Rb8 Bc8 30. Bb6 e3+ 31. Ka2 Rc7 32. Bxe3 d4 33. Bxd4 Ke7
34. h5 Qd5+ 35. Kb1 Qe4+ 36. Kc1 Qe1+ 37. Kc2 Bf5+ 0-1

[Event "British Championship"]
[Site "?"]
[Date "2009.08.04"]
[Round "8.25"]
[White "Khandelwal, Ankush"]
[Black "Mueller, Jan"]
[Result "0-1"]
[WhiteElo "2160"]
[BlackElo "2149"]
[PlyCount "108"]
[EventDate "2009.08.04"]

1. e4 c5 2. Nf3 d6 3. d4 cxd4 4. Nxd4 Nf6 5. Nc3 g6 6. f4 Nc6 7. Nxc6 bxc6 8.
e5 Nd7 9. exd6 exd6 10. Be3 Be7 11. Qd2 Nf6 12. O-O-O O-O 13. h3 Qa5 14. g4 Rb8
15. f5 d5 16. Bd4 Qa3 17. Bb5 Rxb5 18. Nxb5 Qxa2 19. Nc3 Qa1+ 20. Nb1 Ne4 21.
Qd3 Bg5+ 22. Be3 Ba6 23. Qxe4 dxe4 24. Bxg5 Qa5 25. Be7 Re8 26. b4 Qa1 27. f6
Bc4 28. Kd2 Qe5 29. Rhe1 e3+ 30. Kc1 e2 31. Rd6 Qg3 32. Kd2 h6 33. Rd4 Ba6 34.
c4 Qe5 35. Kd3 Qg3+ 36. Kxe2 Qxh3 37. Nd2 Qg2+ 38. Kd3 Bc8 39. Re2 Qg1 40. Ree4
Kh7 41. Nf3 Qf1+ 42. Ke3 c5 43. bxc5 Bb7 44. Rf4 Qc1+ 45. Nd2 Qe1+ 46. Kd3 Bg2
47. Kc2 g5 48. Rf5 Qa1 49. Rd6 Rb8 50. Kd3 Qd1 51. Ke3 Qe1+ 52. Kd3 Rb2 53. Nf3
Bxf3 54. Rxf3 Rd2+ 0-1

[Event "British Championship"]
[Site "?"]
[Date "2009.08.04"]
[Round "8.26"]
[White "Shaw, Peter"]
[Black "Warman, Simon"]
[Result "1-0"]
[WhiteElo "2123"]
[BlackElo "2156"]
[PlyCount "135"]
[EventDate "2009.08.04"]

1. d4 c5 2. d5 d6 3. c4 g6 4. Nc3 Bg7 5. e4 Nf6 6. Nf3 O-O 7. Be2 Na6 8. O-O
Nc7 9. h3 a6 10. a4 e6 11. Be3 exd5 12. exd5 Re8 13. Bd3 Rb8 14. a5 b5 15. axb6
Rxb6 16. Qc2 Bd7 17. Bf4 Qb8 18. Rab1 a5 19. Na4 Rb4 20. b3 Bxa4 21. bxa4 Na6
22. Bd2 Rxb1 23. Qxb1 Nb4 24. Re1 Rxe1+ 25. Bxe1 Qe8 26. Bc2 Nd7 27. Qd1 Nb6
28. Bb3 Qe4 29. Bxb4 axb4 30. Qe1 Qxe1+ 31. Nxe1 Bf6 32. a5 Na8 33. Ba4 Bd8 34.
Bc6 Nc7 35. Nd3 b3 36. Ba4 Nxd5 37. cxd5 c4 38. Nf4 Bxa5 39. g3 Kg7 40. Ng2 Bb6
41. Ne1 Ba5 42. Nf3 Kf6 43. g4 Ke7 44. Kf1 Kd8 45. Ke2 Kc7 46. Nd2 Bxd2 47.
Kxd2 Kb6 48. Kc3 Kc5 49. Be8 Kxd5 50. Bxf7+ Ke4 51. Bxc4 Kf3 52. Bg8 h5 53. Bf7
hxg4 54. Bd5+ Kf4 55. hxg4 Kxg4 56. Kxb3 g5 57. Kc3 Kf4 58. Kd3 g4 59. Ke2 Ke5
60. Bg2 Kd4 61. Bc6 Ke5 62. Ke3 d5 63. Bxd5 Kxd5 64. Kf4 Ke6 65. Kxg4 Ke5 66.
Kg5 Ke6 67. f4 Ke7 68. Kg6 1-0

[Event "British Championship"]
[Site "?"]
[Date "2009.08.04"]
[Round "8.27"]
[White "Gavriel, Tryfon"]
[Black "Gill, Neville"]
[Result "1-0"]
[WhiteElo "2138"]
[BlackElo "2111"]
[PlyCount "65"]
[EventDate "2009.08.04"]

1. e4 e5 2. Nf3 Nc6 3. Bb5 a6 4. Ba4 d6 5. Bxc6+ bxc6 6. d4 f6 7. Nc3 Ne7 8.
Be3 Ng6 9. Qe2 Be7 10. O-O-O Bd7 11. h4 h5 12. dxe5 fxe5 13. Ng5 a5 14. Qc4
Bxg5 15. Bxg5 Qb8 16. a3 Qb7 17. f4 exf4 18. e5 Nxe5 19. Rhe1 Rf8 20. Rxe5+
dxe5 21. Qc5 Rf7 22. Re1 Be6 23. Rxe5 Qc8 24. Qxc6+ Kf8 25. Rxe6 Rb8 26. Nd5
Qd7 27. Qxd7 Rxd7 28. Nxf4 Rb5 29. g3 Kf7 30. Re4 g6 31. c4 Rc5 32. Kc2 Rc6 33.
Nd3 1-0

[Event "British Championship"]
[Site "?"]
[Date "2009.08.04"]
[Round "8.28"]
[White "Adair, James"]
[Black "Sen, Subin"]
[Result "0-1"]
[WhiteElo "2124"]
[BlackElo "2093"]
[PlyCount "118"]
[EventDate "2009.08.04"]

1. e4 c5 2. Nf3 d6 3. d4 cxd4 4. Nxd4 Nf6 5. Nc3 a6 6. h3 e5 7. Nde2 b5 8. g4
Bb7 9. Bg2 Be7 10. g5 Nfd7 11. Ng3 g6 12. Nd5 Bxd5 13. Qxd5 Nb6 14. Qd3 Bxg5
15. Bxg5 Qxg5 16. h4 Qf6 17. O-O-O N8d7 18. Qxd6 Qxd6 19. Rxd6 Nc4 20. Rd3 Ke7
21. Rhd1 Rhd8 22. b3 Ncb6 23. Rd6 Rab8 24. Bh3 Nf8 25. Rc6 Rxd1+ 26. Kxd1 Ne6
27. Bxe6 fxe6 28. Rc7+ Nd7 29. Ra7 Rb6 30. Ne2 Rd6+ 31. Ke1 Kf6 32. Nc1 h5 33.
Nd3 g5 34. hxg5+ Kxg5 35. Ke2 h4 36. Kf3 Rd4 37. Kg2 Nf6 38. Rxa6 Rxe4 39. Rxe6
Kf5 40. Rb6 Re2 41. Rxb5 Ng4 42. Rc5 h3+ 43. Kxh3 Nxf2+ 44. Nxf2 Rxf2 45. Kg3
Rf1 46. a4 Ke4 47. a5 Ra1 48. Rc4+ Ke3 49. Ra4 Rg1+ 50. Kh2 Rg8 51. a6 Kf2 52.
Kh3 Kf3 53. a7 Ra8 54. Kh4 e4 55. Kg5 e3 56. Kf5 e2 57. Rf4+ Ke3 58. Re4+ Kd2
59. b4 Rxa7 0-1

[Event "British Championship"]
[Site "?"]
[Date "2009.08.04"]
[Round "8.29"]
[White "Addison, Bret"]
[Black "Rocks, Daniel"]
[Result "1-0"]
[WhiteElo "2266"]
[BlackElo "2037"]
[PlyCount "95"]
[EventDate "2009.08.04"]

1. d4 Nf6 2. c4 e6 3. Nc3 Bb4 4. f3 d5 5. a3 Bxc3+ 6. bxc3 O-O 7. e3 c5 8. cxd5
exd5 9. Bd3 b6 10. Ne2 Ba6 11. Bxa6 Nxa6 12. O-O c4 13. Ng3 Re8 14. Ra2 Nc7 15.
Re2 h5 16. Qc2 Ne6 17. Nh1 Rc8 18. e4 g6 19. e5 Nh7 20. f4 Ng7 21. f5 Nxf5 22.
Rxf5 gxf5 23. Ng3 Re6 24. Nxh5 Rcc6 25. Qxf5 Rg6 26. Rf2 Rc7 27. Nf4 Rg5 28.
Qh3 Rg7 29. Nh5 Rg6 30. Qf3 Rd7 31. g3 Qa8 32. Kg2 Qc6 33. h3 b5 34. g4 Kh8 35.
h4 Rd8 36. g5 Rd7 37. Ng3 Qe6 38. Qh5 Kg8 39. Nf5 a6 40. Rf3 Nf6 41. exf6 Qe2+
42. Kh3 Qd1 43. Bf4 Qh1+ 44. Bh2 Qe1 45. Ne7+ Rxe7 46. fxe7 Qe6+ 47. Qg4 Qxe7
48. Be5 1-0

[Event "British Championship"]
[Site "?"]
[Date "2009.08.04"]
[Round "8.30"]
[White "Anderson, John"]
[Black "Jones, Victor GL"]
[Result "0-1"]
[WhiteElo "2248"]
[BlackElo "2076"]
[PlyCount "76"]
[EventDate "2009.08.04"]

1. d4 Nf6 2. c4 c5 3. d5 e6 4. Nc3 exd5 5. cxd5 d6 6. e4 g6 7. f4 Bg7 8. Nf3
O-O 9. Be2 Re8 10. e5 dxe5 11. fxe5 Ng4 12. e6 fxe6 13. d6 Ne5 14. O-O Nbc6 15.
Ng5 Nd4 16. Nge4 Bd7 17. Bg5 Qb6 18. Qd2 Rf8 19. Be7 Rf5 20. Ng3 Rxf1+ 21. Rxf1
Bc6 22. Kh1 Qb4 23. a3 Qb3 24. Bd1 Qc4 25. Qf2 Qd3 26. Be2 Qd2 27. Bd1 Qxf2 28.
Rxf2 Bf8 29. Nge4 b6 30. Bf6 Nc4 31. Bg4 Nf5 32. Ng5 Nce3 33. Bf3 Bxf3 34. Rxf3
Bxd6 35. Nce4 Bf8 36. Bc3 Nd5 37. Be5 h6 38. Nh3 Bg7 0-1

[Event "British Championship"]
[Site "?"]
[Date "2009.08.04"]
[Round "8.31"]
[White "Tunks, Dominic"]
[Black "McPhillips, Karl"]
[Result "0-1"]
[WhiteElo "2083"]
[BlackElo "2231"]
[PlyCount "70"]
[EventDate "2009.08.04"]

1. d4 Nf6 2. Nf3 e6 3. Bg5 h6 4. Bh4 d6 5. Nbd2 g5 6. Bg3 Nh5 7. e3 Bg7 8. b4
Nd7 9. a4 b6 10. a5 Nxg3 11. hxg3 a6 12. axb6 cxb6 13. Bd3 Bb7 14. O-O O-O 15.
Qe2 b5 16. Ra3 e5 17. c4 Qe7 18. cxb5 e4 19. bxa6 exd3 20. Qxd3 Bxf3 21. gxf3
d5 22. b5 Nb6 23. Rc3 Rfc8 24. Rfc1 Qb4 25. Rc6 Rcb8 26. Rb1 Qe7 27. Nb3 Nc4
28. Rc5 Qd7 29. Nc1 Bf8 30. Rc6 Na3 31. Ra1 Nxb5 32. Rf6 Bg7 33. Rf5 Rb6 34.
Nb3 Rbxa6 35. Rxa6 Rxa6 0-1

[Event "British Championship"]
[Site "?"]
[Date "2009.08.04"]
[Round "8.32"]
[White "Smith, Graham M"]
[Black "Burrows, Martin"]
[Result "0-1"]
[WhiteElo "2119"]
[BlackElo "2209"]
[PlyCount "66"]
[EventDate "2009.08.04"]

1. d4 Nf6 2. c4 e6 3. g3 d5 4. Bg2 dxc4 5. Nf3 Nc6 6. O-O Rb8 7. a4 a6 8. e3
Be7 9. Nbd2 b5 10. Ne5 Nxe5 11. dxe5 Nd5 12. Qg4 g6 13. Rd1 Bd7 14. axb5 axb5
15. Ne4 O-O 16. Bd2 f5 17. exf6 Bxf6 18. Nxf6+ Qxf6 19. f4 Rfd8 20. e4 Nb6 21.
e5 Qf5 22. Qe2 Nd5 23. Ba5 Qf7 24. Bxd5 exd5 25. Bxc7 Bg4 26. Qxg4 Qxc7 27.
Qe6+ Qf7 28. Qxf7+ Kxf7 29. Ra7+ Kg8 30. e6 Rd6 31. Rd7 Rxe6 32. R1xd5 Re2 33.
Rc7 Ra8 0-1

[Event "British Championship"]
[Site "?"]
[Date "2009.08.04"]
[Round "8.33"]
[White "McClement, Andrew"]
[Black "Green, Andrew"]
[Result "1-0"]
[WhiteElo "1893"]
[BlackElo "2203"]
[PlyCount "89"]
[EventDate "2009.08.04"]

1. d4 Nf6 2. c4 g6 3. Nc3 Bg7 4. e4 d6 5. Nf3 O-O 6. h3 Na6 7. Bg5 Qe8 8. g4 e5
9. d5 Nc5 10. Nd2 a5 11. b3 h6 12. Be3 Nh7 13. Rg1 Kh8 14. Nf3 Nf6 15. Qc2 Bd7
16. O-O-O Ng8 17. Be2 Ne7 18. Qd2 Ng8 19. Rg2 Qe7 20. Rdg1 Nf6 21. Qc2 Ne8 22.
Nd2 f5 23. gxf5 gxf5 24. Bh5 Rg8 25. Bxh6 Qh4 26. Bxe8 Qxh6 27. Bf7 fxe4 28.
Bxg8 Rxg8 29. Ncxe4 Bf5 30. f3 Qe3 31. Qc3 Qf4 32. Kd1 c6 33. Nxd6 Bh7 34. Rg4
Qf8 35. Rxg7 Rxg7 36. Qxe5 Kg8 37. Rxg7+ Qxg7 38. Qxg7+ Kxg7 39. N2e4 Nd3 40.
Nxb7 cxd5 41. cxd5 Nb4 42. d6 Bf5 43. a3 Nc6 44. Nec5 Ne5 45. f4 1-0

[Event "British Championship"]
[Site "?"]
[Date "2009.08.04"]
[Round "8.34"]
[White "Yeo, Michael J"]
[Black "Lemoir, David A"]
[Result "1/2-1/2"]
[WhiteElo "2136"]
[BlackElo "2009"]
[PlyCount "132"]
[EventDate "2009.08.04"]

1. e4 e5 2. Nf3 Nc6 3. Nc3 g6 4. d4 exd4 5. Nxd4 Bg7 6. Be3 Nf6 7. Nxc6 bxc6 8.
e5 Ng8 9. f4 Nh6 10. Qd2 O-O 11. O-O-O d6 12. h3 Nf5 13. Bf2 c5 14. g4 Nd4 15.
Bg2 Rb8 16. Bxd4 cxd4 17. Qxd4 Be6 18. Qxa7 Qh4 19. Ne4 dxe5 20. Qf2 Qxf2 21.
Nxf2 exf4 22. b3 g5 23. Bf3 h6 24. Ne4 f5 25. Nc5 Bc8 26. Nd7 Bxd7 27. Rxd7
fxg4 28. hxg4 c5 29. a4 c4 30. Bd5+ Kh8 31. Bxc4 f3 32. a5 f2 33. a6 Rbc8 34.
Rf1 Bc3 35. Rd3 Be1 36. Kb2 Rc7 37. Rd6 Kg7 38. Rb6 Rf6 39. Rb7 Rxb7 40. axb7
Rb6 41. Bd5 Kf6 42. Rh1 Ke5 43. Bg2 Kd4 44. c4 Bc3+ 45. Kc2 Be1 46. Bd5 Kc5 47.
Be4 Kd4 48. Bg2 Rb4 49. Rxh6 Rxb7 50. Rd6+ Ke5 51. Rg6 Rh7 52. Rxg5+ Kf4 53.
Rh5 Rg7 54. g5 Rxg5 55. Rxg5 Kxg5 56. Kd3 Kf6 57. Kd4 Ke7 58. Kc5 Kd8 59. Kc6
Kc8 60. c5 Bd2 61. Bh3+ Kb8 62. Kb6 Bc3 63. Bg2 Bd2 64. c6 Bf4 65. b4 Be3+ 66.
Ka6 Kc7 1/2-1/2

[Event "British Championship"]
[Site "?"]
[Date "2009.08.04"]
[Round "8.35"]
[White "Dines, Sheila"]
[Black "Hegarty, Sarah"]
[Result "1/2-1/2"]
[WhiteElo "1936"]
[BlackElo "2076"]
[PlyCount "135"]
[EventDate "2009.08.04"]

1. e4 c5 2. c3 Nf6 3. e5 Nd5 4. d4 cxd4 5. cxd4 e6 6. a3 Qa5+ 7. Bd2 Qb6 8. Bc1
Nc6 9. Nf3 Na5 10. Nbd2 Qc7 11. Nb3 Nc4 12. Bd3 b5 13. O-O Be7 14. Qe2 a5 15.
Ng5 a4 16. Nc5 Bxc5 17. dxc5 Nxe5 18. Bxb5 h6 19. Ne4 O-O 20. Kh1 f5 21. Nd6
Ng4 22. f3 Ngf6 23. Nxc8 Qxc8 24. Be3 Nxe3 25. Qxe3 Ra5 26. Qd3 Qb7 27. Bc4
Rxc5 28. Rac1 Kh8 29. Ba6 Qc7 30. Rxc5 Qxc5 31. Bb5 Rb8 32. Bxa4 Qa5 33. Qc2
Nd5 34. b4 Qa7 35. Rc1 Ra8 36. Bb3 Qxa3 37. Bxd5 exd5 38. Rd1 Qa4 39. Qd2 Qa2
40. Qd3 Qc4 41. Qxf5 Qd4 42. Rb1 Ra1 43. h3 Rxb1+ 44. Qxb1 Qb6 45. b5 d6 46.
Qb3 d4 47. Qd5 Qa5 48. Qxd4 Qxb5 49. Qxd6 Qf1+ 50. Kh2 Qa1 51. f4 Qf1 52. Qe5
Qf2 53. Qe4 Qf1 54. g3 Qf2+ 55. Qg2 Qd4 56. h4 Qe3 57. h5 Qe1 58. Qf3 Qd2+ 59.
Kh3 Qe1 60. g4 Qg1 61. Qa8+ Kh7 62. Qe4+ Kh8 63. Qe8+ Kh7 64. Qg6+ Kh8 65. g5
Qh1+ 66. Kg4 Qg2+ 67. Kf5 Qd5+ 68. Kg4 1/2-1/2

[Event "British Championship"]
[Site "?"]
[Date "2009.08.04"]
[Round "8.36"]
[White "Garnett, John S"]
[Black "Littlewood, John Eric"]
[Result "1-0"]
[WhiteElo "2059"]
[BlackElo "2188"]
[PlyCount "73"]
[EventDate "2009.08.04"]

1. d4 d5 2. Nf3 g6 3. e3 Bg7 4. c4 Nf6 5. cxd5 Nxd5 6. e4 Nb6 7. a4 a5 8. Bb5+
c6 9. Be2 O-O 10. Be3 Bg4 11. Nbd2 Na6 12. O-O f5 13. Ng5 Bxe2 14. Qxe2 f4 15.
Ne6 Qb8 16. Nxf8 fxe3 17. Nc4 exf2+ 18. Kh1 Qxf8 19. Nxb6 Rd8 20. Rxf2 Qe8 21.
Qc4+ Kh8 22. e5 Nb4 23. Raf1 Nd5 24. Nxd5 Rxd5 25. b4 axb4 26. Qxb4 Qd7 27. Rf7
c5 28. dxc5 Rxe5 29. Qf4 Qd5 30. h3 g5 31. Qg4 Qc6 32. R7f5 Rxc5 33. Qxg5 Rxf5
34. Qxf5 Bf6 35. Qb5 Qe4 36. a5 Kg7 37. Rb1 1-0

[Event "British Championship"]
[Site "?"]
[Date "2009.08.05"]
[Round "9.1"]
[White "Howell, David"]
[Black "Palliser, Richard"]
[Result "1-0"]
[WhiteElo "2614"]
[BlackElo "2413"]
[PlyCount "47"]
[EventDate "2009.07.27"]

1. d4 Nf6 2. Bg5 d5 3. Bxf6 gxf6 4. e3 c5 5. dxc5 e6 6. Nd2 Bxc5 7. g3 Nc6 8.
Ne2 d4 9. exd4 Qd5 10. dxc5 Qxh1 11. Nc3 Qxh2 12. Nde4 O-O 13. Qd2 Rd8 14.
Nxf6+ Kh8 15. Qg5 h6 16. Qg4 Qh1 17. Rd1 Rxd1+ 18. Nxd1 Bd7 19. Ne3 Ne5 20. Qf4
Nf3+ 21. Ke2 Rd8 22. Bg2 Ng1+ 23. Kf1 Qh2 24. Nfg4 1-0

[Event "British Championship"]
[Site "?"]
[Date "2009.08.05"]
[Round "9.3"]
[White "Littlewood, Paul E"]
[Black "Conquest, Stuart"]
[Result "0-1"]
[WhiteElo "2358"]
[BlackElo "2572"]
[PlyCount "66"]
[EventDate "2009.07.27"]

1. d4 Nf6 2. c4 g6 3. Nc3 d5 4. Bf4 Bg7 5. e3 c5 6. dxc5 Qa5 7. Rc1 dxc4 8.
Bxc4 O-O 9. Nf3 Qxc5 10. Bb3 Qa5 11. O-O Nc6 12. h3 Bf5 13. Ng5 e5 14. Bh2 Rad8
15. Qf3 h6 16. Nge4 Nxe4 17. Nxe4 Qb4 18. Rc4 Qe7 19. Rcc1 Rd3 20. Rxc6 bxc6
21. g4 Be6 22. Bxe6 Qxe6 23. Rc1 Rfd8 24. b3 R3d5 25. Kg2 a5 26. Qe2 Rb5 27.
Rc4 Rb4 28. Nc5 Qd5+ 29. e4 Qd2 30. Rc2 Qxe2 31. Rxe2 Rd1 32. Rc2 Bf8 33. Bxe5
Rb5 0-1

[Event "British Championship"]
[Site "?"]
[Date "2009.08.05"]
[Round "9.4"]
[White "Summerscale, Aaron"]
[Black "Gordon, Stephen"]
[Result "1/2-1/2"]
[WhiteElo "2454"]
[BlackElo "2537"]
[PlyCount "63"]
[EventDate "2009.07.27"]

1. Nf3 d5 2. e3 Nf6 3. c4 c6 4. d4 Bf5 5. cxd5 cxd5 6. Qb3 Qc7 7. Bd2 e6 8.
Bb5+ Nc6 9. O-O Nd7 10. Rc1 Rc8 11. Nc3 Be7 12. Ne2 O-O 13. Bb4 Bxb4 14. Bxc6
bxc6 15. Qxb4 Qb6 16. Qa3 Bg4 17. Rc2 Bxf3 18. gxf3 c5 19. dxc5 Rxc5 20. Rxc5
Qxc5 21. Qxc5 Nxc5 22. Rc1 Nd3 23. Rc7 a5 24. Ra7 g6 25. Rxa5 Rc8 26. Nd4 Nxb2
27. f4 Rc4 28. Ra8+ Kg7 29. Ra7 Kg8 30. Ra8+ Kg7 31. Ra7 Kg8 32. Ra8+ 1/2-1/2

[Event "British Championship"]
[Site "?"]
[Date "2009.08.05"]
[Round "9.5"]
[White "Eggleston, David"]
[Black "Wells, Peter"]
[Result "0-1"]
[WhiteElo "2341"]
[BlackElo "2498"]
[PlyCount "120"]
[EventDate "2009.07.27"]

1. e4 c5 2. Nf3 d6 3. d4 cxd4 4. Nxd4 Nf6 5. Nc3 Nc6 6. Bg5 e6 7. Qd2 Be7 8.
O-O-O a6 9. Bxf6 gxf6 10. f4 Nxd4 11. Qxd4 Qa5 12. Qa4+ Qxa4 13. Nxa4 Bd8 14.
Be2 b5 15. Nc3 Bb6 16. Rhf1 Ke7 17. Bf3 Ra7 18. Kb1 Bd7 19. f5 Rc8 20. fxe6
fxe6 21. Ne2 b4 22. Nf4 Rac7 23. Be2 Rxc2 24. Bxa6 R8c7 25. Bd3 R2c5 26. Rf3
Rg5 27. Rh3 Rg7 28. g3 Be3 29. Rh5 Rc5 30. Rxc5 dxc5 31. Rf1 Bc6 32. b3 Rg5 33.
Ng2 Bd4 34. Ne1 Rg8 35. Nf3 Rd8 36. Kc2 Bc3 37. Rf2 c4 38. Bxc4 Bxe4+ 39. Kc1
e5 40. Nh4 h5 41. Nf5+ Bxf5 42. Rxf5 Rd2 43. Rxh5 e4 44. Rf5 Rxh2 45. g4 Rxa2
46. Kd1 Rd2+ 47. Ke1 Rg2+ 48. Kf1 Rxg4 49. Rd5 Rf4+ 50. Ke2 f5 51. Rd1 Kf6 52.
Rh1 Rg4 53. Rh8 Ke5 54. Rh2 Rg5 55. Rh8 Bd4 56. Kf1 Rg1+ 57. Ke2 Rg2+ 58. Ke1
Kf4 59. Rh4+ Kg5 60. Rh7 Rg1+ 0-1

[Event "British Championship"]
[Site "?"]
[Date "2009.08.05"]
[Round "9.6"]
[White "Gormally, Daniel"]
[Black "Hebden, Mark"]
[Result "0-1"]
[WhiteElo "2490"]
[BlackElo "2468"]
[PlyCount "114"]
[EventDate "2009.07.27"]

1. e4 e5 2. Nf3 Nc6 3. d4 exd4 4. Nxd4 Nf6 5. Nxc6 bxc6 6. e5 Qe7 7. Qe2 Nd5 8.
c4 Ba6 9. g3 O-O-O 10. b3 g5 11. Ba3 Nb4 12. Bb2 c5 13. Bg2 Bb7 14. Bxb7+ Kxb7
15. O-O Bg7 16. Nc3 Nc6 17. Nd5 Qe6 18. f4 gxf4 19. Nxf4 Qe7 20. Rae1 Rhe8 21.
Qf3 Kb8 22. Nd3 Nb4 23. Nxb4 cxb4 24. Qxf7 Qc5+ 25. Qf2 Qa5 26. Qd2 d5 27. Qd3
dxc4 28. Qxc4 Qb6+ 29. Kh1 Rd2 30. Re2 Qb7+ 31. Kg1 Qb6+ 32. Kh1 Qb7+ 33. Kg1
Qb6+ 34. Kg2 Qb7+ 35. Kh3 Rxe2 36. Qxe2 Re6 37. Rf4 c5 38. Qf3 Qxf3 39. Rxf3
Bxe5 40. Bxe5+ Rxe5 41. Rf7 h5 42. Rh7 a5 43. Rf7 a4 44. bxa4 c4 45. Rf2 Ra5
46. Rf4 Rc5 47. g4 Ka7 48. Rf2 c3 49. Rc2 Rd5 50. Rc1 Kb6 51. gxh5 Rxh5+ 52.
Kg3 Rd5 53. Kf4 Rd3 54. h4 Ka5 55. h5 Kxa4 56. Rh1 Ka3 57. h6 c2 0-1

[Event "British Championship"]
[Site "?"]
[Date "2009.08.05"]
[Round "9.7"]
[White "Trent, Lawrence"]
[Black "Rendle, Thomas"]
[Result "0-1"]
[WhiteElo "2471"]
[BlackElo "2377"]
[PlyCount "124"]
[EventDate "2009.07.27"]

1. e4 e6 2. d4 d5 3. Nc3 Nf6 4. Bg5 Be7 5. e5 Nfd7 6. h4 c5 7. Bxe7 Kxe7 8. f4
Qb6 9. Na4 Qa5+ 10. c3 b6 11. Rh3 Ba6 12. Nf3 Bxf1 13. Kxf1 Nc6 14. h5 Rac8 15.
Kg1 cxd4 16. cxd4 Qb4 17. a3 Qb5 18. Nc3 Qc4 19. Rc1 Na5 20. Qe1 Qb3 21. h6 g6
22. Qh4+ Ke8 23. Kh2 Rc6 24. Qf2 Nc4 25. Nd1 Ne3 26. Nxe3 Rxc1 27. f5 gxf5 28.
Ng5 Qd3 29. Nxd5 Qd1 30. Nc3 Qh1+ 31. Kg3 Qe1 32. Qxe1 Rxe1 33. Nb5 Rg8 34. Kf2
Rb1 35. Nd6+ Ke7 36. Ngxf7 Rxb2+ 37. Kf1 Rgxg2 38. Rc3 Rgc2 39. Rxc2 Rxc2 40.
Ng5 Nf8 41. d5 exd5 42. Nxf5+ Kd7 43. e6+ Nxe6 44. Nxh7 Rc1+ 45. Kf2 Nf4 46.
Ng5 Ng6 47. h7 Rh1 48. Ng3 Rh6 49. Kf3 Nf8 50. Nf5 Rh1 51. Kf4 Nxh7 52. Nf3 Ra1
53. Ne5+ Kc7 54. Ne7 Rxa3 55. Nxd5+ Kb7 56. Kf5 Ra5 57. Ke6 Ng5+ 58. Kd6 Ne4+
59. Ke6 Ra1 60. Nf7 Re1 61. Kd7 Nc5+ 62. Kd6 Re6# 0-1

[Event "British Championship"]
[Site "?"]
[Date "2009.08.05"]
[Round "9.8"]
[White "Storey, Charles"]
[Black "Greet, Andrew"]
[Result "0-1"]
[WhiteElo "2279"]
[BlackElo "2443"]
[PlyCount "116"]
[EventDate "2009.07.27"]

1. c4 e5 2. g3 d6 3. Bg2 f5 4. b4 Nf6 5. Bb2 Be7 6. e3 e4 7. d4 d5 8. c5 O-O 9.
Ne2 b6 10. Nbc3 bxc5 11. dxc5 a5 12. a3 axb4 13. axb4 Rxa1 14. Bxa1 Nc6 15. Qb3
Be6 16. Nb5 Qd7 17. Qa4 Rb8 18. Nec3 Nxb4 19. Qxb4 c6 20. O-O cxb5 21. Ne2 Qa7
22. Be5 Rc8 23. Bd6 Bxd6 24. cxd6 Bd7 25. Nd4 Qa4 26. Qb2 Qa6 27. Bh3 Ng4 28.
Bxg4 fxg4 29. Ra1 Qxd6 30. Ra7 Rd8 31. Rb7 Qf6 32. Qa2 Be8 33. Kg2 h6 34. Kg1
Kh8 35. Qe2 Bd7 36. Qa2 Rc8 37. Ne2 Qc6 38. Ra7 Be8 39. Qa1 Rc7 40. Ra8 Kh7 41.
Nd4 Qd7 42. Kg2 Rb7 43. Qa5 b4 44. Rd8 Qf7 45. Qa8 Ra7 46. Rxe8 Rxa8 47. Rxa8
Qc7 48. Ra1 h5 49. Ra6 g5 50. Ra4 Qb6 51. Ra2 h4 52. h3 hxg3 53. Kxg3 gxh3 54.
Kxh3 Kg6 55. Kg4 Qb7 56. Ra5 Qd7+ 57. Ne6 Qxe6+ 58. Kg3 Kh5 0-1

[Event "British Championship"]
[Site "?"]
[Date "2009.08.05"]
[Round "9.9"]
[White "Hawkins, Jonathan"]
[Black "Cumbers, Paul"]
[Result "1-0"]
[WhiteElo "2325"]
[BlackElo "2207"]
[PlyCount "55"]
[EventDate "2009.07.27"]

1. d4 e6 2. c4 d5 3. Nc3 c6 4. e4 Bb4 5. e5 Ne7 6. a3 Bxc3+ 7. bxc3 dxc4 8. Qg4
Nf5 9. Bxc4 c5 10. Ne2 Nc6 11. O-O cxd4 12. cxd4 Ncxd4 13. Nxd4 Qxd4 14. Bb5+
Ke7 15. Qe2 h6 16. Rd1 Qb6 17. Qc4 f6 18. g4 fxe5 19. gxf5 exf5 20. Qb4+ Kf7
21. Rd6 Qc7 22. Bc4+ Ke8 23. Qb5+ Kf8 24. Qd5 b5 25. Rd8+ Ke7 26. Rxh8 Qxc4 27.
Qxc4 bxc4 28. Bb2 1-0

[Event "British Championship"]
[Site "?"]
[Date "2009.08.05"]
[Round "9.10"]
[White "Buckley, Graeme"]
[Black "Arkell, Keith C"]
[Result "1-0"]
[WhiteElo "2398"]
[BlackElo "2521"]
[PlyCount "79"]
[EventDate "2009.07.27"]

1. d4 e6 2. e4 d5 3. e5 c5 4. c3 Nc6 5. Nf3 Qb6 6. Be2 Nge7 7. Na3 cxd4 8. cxd4
Nf5 9. Nc2 Be7 10. O-O Bd7 11. Kh1 h5 12. b4 a5 13. bxa5 Nxa5 14. Ne3 Nxe3 15.
Bxe3 Qd8 16. Qd2 Bc6 17. Bg5 Nc4 18. Qf4 f6 19. exf6 gxf6 20. Bh4 Qd6 21. Qc1
Qa3 22. Qc2 Kf7 23. Rfc1 Ra4 24. Bd3 Qb2 25. Qd1 Qb6 26. Rab1 Qa5 27. Qe2 Qc7
28. Bg3 Qd7 29. Nh4 f5 30. Nf3 Bf6 31. Bh4 Bxh4 32. Nxh4 Qd6 33. Re1 Na3 34.
Rb3 Rxd4 35. Nf3 Re4 36. Bxe4 fxe4 37. Qb2 Ra8 38. Ne5+ Kg8 39. Rg3+ Kf8 40.
Nxc6 1-0